NOT in the Movie Series Quiz Stats

Quiz Updated Sep 7, 2016

Challenge
Share
Tweet
Embed
Score 0/26 Timer 06:00
3 Plays Today
Question Answer Wrong Answers
Which movie is NOT part of the Indiana Jones series? The Fate of Atlantis
94.4%
The Last Crusade
0.6%
The Kingdom of the Crystal Skull
0.9%
The Temple of Doom
0.3%
Which movie is NOT part of the Lord of the Rings series? The Council of Elrond
93.8%
The Fellowship of the Ring
0.3%
The Two Towers
0.9%
The Return of the King
1.2%
Which movie is NOT part of the Jason Bourne series? The Bourne Protocol
93%
The Bourne Identity
0.6%
The Bourne Ultimatum
1.5%
The Bourne Supremacy
1.1%
Which movie is NOT part of the Harry Potter series? The Battle of Hogwarts
92.7%
The Goblet of Fire
0.8%
The Half-Blood Prince
2.1%
The Prisoner of Azkaban
0.8%
Which movie is NOT part of the James Bond series? The Hunt for Red October
92%
Goldfinger
0.9%
Tomorrow Never Dies
0.9%
Diamonds Are Forever
2.4%
Which movie is NOT part of the Star Wars series? The Final Frontier
91.9%
The Empire Strikes Back
0.4%
Return of the Jedi
0.3%
Attack of the Clones
3.6%
Which movie is NOT part of the Austin Powers series? From Russia with Mojo
90.6%
International Man of Mystery
1.9%
Goldmember
2.6%
The Spy Who Shagged Me
1.2%
Which movie is NOT part of the Twilight series? Nightfall
89.5%
New Moon
1.6%
Eclipse
2.4%
Breaking Dawn
2.7%
Which movie is NOT part of the Die Hard series? Go Big or Die Hard
87.5%
Die Hard with a Vengeance
1.7%
Live Free or Die Hard
3.2%
A Good Day to Die Hard
3.8%
Which movie is NOT part of the Hobbit series? Prince Caspian
87.5%
The Desolation of Smaug
3.3%
An Unexpected Journey
1.7%
The Battle of the Five Armies
3.7%
Which movie is NOT part of the Planet of the Apes series? Stop the Planet of the Apes
85.5%
Escape from the Planet of the Apes
7.7%
Rise of the Planet of the Apes
1.3%
Dawn of the Planet of the Apes
1.7%
Which movie is NOT part of the Pirates of the Caribbean series? Cutthroat Island
84.7%
The Curse of the Black Pearl
0.4%
On Stranger Tides
9.1%
At World's End
2.1%
Which movie is NOT part of the Mad Max series? Sand Riders
84.1%
The Road Warrior
2.7%
Fury Road
1.2%
Beyond Thunderdome
8.1%
Which movie is NOT part of the Transformers series? Metropolis
82.4%
Revenge of the Fallen
3.3%
Dark of the Moon
6.5%
Age of Extinction
4%
Which movie is NOT part of the Madagascar series? Go 4 Asia
80.7%
Escape 2 Africa
0.8%
Europe's Most Wanted
9.4%
Penguins of Madagascar
5.3%
Which movie is NOT part of the Captain America series? The Dark World
80.1%
The First Avenger
4.7%
The Winter Soldier
4.2%
Civil War
7.1%
Which movie is NOT part of the Muppets series? The Muppets Go Medieval
78.7%
Muppets Most Wanted
6.7%
The Muppets Take Manhattan
2.5%
Muppets from Space
8.1%
Which movie is NOT part of the Police Academy series? Lethal Weapon
77.7%
Their First Assignment
5.7%
Citizens on Patrol
3.7%
Mission to Moscow
9%
Which movie is NOT part of the Star Trek series? Return to Tomorrow
75.3%
The Wrath of Khan
4.1%
The Voyage Home
6.3%
First Contact
10.4%
Which movie is NOT part of the X-Men series? Dawn of Justice
72.4%
The Last Stand
6.8%
Days of Future Past
8.5%
First Class
8.4%
Which movie is NOT part of the Jack Ryan series? Rogue Nation
70.1%
The Sum of All Fears
10%
Patriot Games
9.3%
Clear and Present Danger
6.5%
Which movie is NOT part of the Ice Age series? Cold Front
68.5%
Dawn of the Dinosaurs
10%
Continental Drift
2.7%
Collision Course
15.1%
Which movie is NOT part of the Alvin and the Chipmunks series? Chip It
66.2%
The Squeakquel
6.2%
Chipwrecked
4.8%
The Road Chip
19%
Which movie is NOT part of the Terminator series? Resurrection
57.6%
Judgment Day
3%
Rise of the Machines
15.6%
Salvation
20.2%
Which movie is NOT part of the Nightmare on Elm Street series? The New Blood
52.5%
Freddy's Revenge
5.9%
Dream Warriors
33%
The Final Nightmare
4.8%
Which movie is NOT part of the Dirty Harry series? In the Line of Fire
46%
Magnum Force
6.4%
Sudden Impact
13.2%
The Dead Pool
30.6%

You're not logged in!

Compare scores with friends on all Sporcle quizzes.
Join for Free
OR
Log In

You Might Also Like...

Show Comments

Extras

Top Quizzes Today


Score Distribution

Your Account Isn't Verified!

In order to create a playlist on Sporcle, you need to verify the email address you used during registration. Go to your Sporcle Settings to finish the process.

Report this User

Report this user for behavior that violates our Community Guidelines.

Details: